[Event "NOR-ch Master"]
[Site "Larvik"]
[Date "2019.07.11"]
[Round "7"]
[White "Lund, Gunnar"]
[Black "Fossan, Andreas"]
[Result "1-0"]
[WhiteElo "2285"]
[BlackElo "2023"]
[PlyCount "87"]
[EventDate "2019.07.05"]
[EventType "swiss"]
[EventRounds "9"]
[EventCountry "NOR"]
[SourceTitle "EXT 2024"]
[Source "ChessBase"]
[SourceDate "2023.10.10"]
[SourceVersion "1"]
[SourceVersionDate "2023.10.10"]
[SourceQuality "1"]

1. Nf3 Nf6 2. g3 d5 3. Bg2 Bf5 4. 0-0 c6 5. d3 e6 6. Nbd2 Nbd7 7. b3 Be7 8. Bb2 0-0 9. Re1 Nc5 10. Ne5 h6 11. e4 Bh7 12. Qe2 a5 13. a4 Qc7 14. f4 Rad8 15. Kh1 Rfe8 16. Rad1 Qb6 17. Bc3 Bd6 18. Rf1 Qc7 19. Ba1 Rb8 20. Rde1 Nfd7 21. Ng4 Bg6 22. Ne3 b5 23. axb5 dxe4 24. d4 Nb7 25. Nxe4 cxb5 26. Nc3 Qd8 27. Nxb5 Bf8 28. Nc4 Nf6 29. Ne5 Bb4 30. c3 Bf8 31. Nc6 Qb6 32. Nxb8 Rxb8 33. c4 Bb4 34. Rd1 Bf5 35. h3 h5 36. d5 Re8 37. Bxf6 gxf6 38. Qxh5 Bc2 39. dxe6 Rxe6 40. Rd7 Nd8 41. Qd5 Nc6 42. f5 Re1 43. Qxf7+ Kh8 44. Qg7# 1-0

[Event "NOR-ch Master"]
[Site "Larvik"]
[Date "2019.07.07"]
[Round "3"]
[White "Fossan, Aleksander"]
[Black "Fossan, Andreas"]
[Result "1-0"]
[WhiteElo "2155"]
[BlackElo "2023"]
[PlyCount "71"]
[EventDate "2019.07.05"]
[EventType "swiss"]
[EventRounds "9"]
[EventCountry "NOR"]
[SourceTitle "EXT 2024"]
[Source "ChessBase"]
[SourceDate "2023.10.10"]
[SourceVersion "1"]
[SourceVersionDate "2023.10.10"]
[SourceQuality "1"]

1. e4 e6 2. d4 d5 3. exd5 exd5 4. Nf3 Nf6 5. Bg5 Be7 6. Bd3 0-0 7. 0-0 Bg4 8. Nbd2 Nbd7 9. c3 c6 10. Re1 Re8 11. Qc2 h6 12. Bf4 Nh5 13. Be5 Bf6 14. Bh7+ Kh8 15. Bf5 Bxf5 16. Qxf5 g6 17. Qh3 Bxe5 18. dxe5 Kh7 19. g3 Nc5 20. Nd4 Ng7 21. f4 Qc8 22. Qh4 Qd8 23. Qh3 Nge6 24. N2f3 Nxd4 25. cxd4 Ne4 26. Rad1 Kg7 27. f5 gxf5 28. Qxf5 Qc8 29. Qh5 c5 30. Nh4 Qe6 31. Rf1 Rf8 32. Rf6 Nxf6 33. Nf5+ Kg8 34. Nxh6+ Kg7 35. Nf5+ Kg8 36. Qg5+ 1-0

[Event "Bergen Grand Prix A"]
[Site "Bergen"]
[Date "2018.11.25"]
[Round "4"]
[White "Solberg, Joachim Krokvik"]
[Black "Fossan, Andreas"]
[Result "1-0"]
[WhiteElo "2205"]
[BlackElo "2032"]
[PlyCount "85"]
[EventDate "2018.11.23"]
[EventType "swiss"]
[EventRounds "5"]
[EventCountry "NOR"]
[SourceTitle "EXT 2024"]
[Source "ChessBase"]
[SourceDate "2023.10.10"]
[SourceVersion "1"]
[SourceVersionDate "2023.10.10"]
[SourceQuality "1"]

1. e4 e6 2. Qe2 Be7 3. Nf3 d5 4. d3 Nf6 5. e5 Nfd7 6. g3 c5 7. Bg2 Nc6 8. 0-0 0-0 9. h4 Qc7 10. Bf4 b5 11. Nbd2 Bb7 12. Rfe1 Rfc8 13. Nf1 h6 14. N1h2 Nd4 15. Nxd4 cxd4 16. Rec1 Bf8 17. Nf3 Qc5 18. g4 Rc7 19. c3 dxc3 20. Rxc3 Qb6 21. Rxc7 Qxc7 22. Rc1 Qa5 23. g5 Rc8 24. Rxc8 Bxc8 25. gxh6 gxh6 26. Qc2 Qd8 27. Qc1 Nc5 28. Bf1 Ba6 29. Bxh6 Bxh6 30. Qxh6 Qf8 31. Qe3 b4 32. d4 Qg7+ 33. Ng5 Bxf1 34. dxc5 Bb5 35. Qf4 Qg6 36. Qxb4 Qf5 37. Qxb5 Qg4+ 38. Kh2 Qf4+ 39. Kh3 Qf5+ 40. Kg3 Qxe5+ 41. Kg2 Qf4 42. Qe8+ Kg7 43. Qxf7+ 1-0

[Event "Bergen Grand Prix A"]
[Site "Bergen"]
[Date "2018.11.24"]
[Round "3"]
[White "Fossan, Andreas"]
[Black "Unhjem, Bjorn Robert Lovoll"]
[Result "1-0"]
[WhiteElo "2032"]
[BlackElo "1755"]
[PlyCount "73"]
[EventDate "2018.11.23"]
[EventType "swiss"]
[EventRounds "5"]
[EventCountry "NOR"]
[SourceTitle "EXT 2024"]
[Source "ChessBase"]
[SourceDate "2023.10.10"]
[SourceVersion "1"]
[SourceVersionDate "2023.10.10"]
[SourceQuality "1"]

1. d4 Nf6 2. c4 e6 3. Nc3 Bb4 4. e3 b6 5. Nge2 Bb7 6. a3 Be7 7. d5 0-0 8. Ng3 a5 9. Be2 Na6 10. Rb1 Nc5 11. b4 axb4 12. axb4 Na6 13. Ba3 Nb8 14. Bc1 Na6 15. Ba3 Nb8 16. Qb3 b5 17. e4 bxc4 18. Bxc4 Nxe4 19. Ngxe4 exd5 20. Nxd5 c6 21. Nxe7+ Qxe7 22. 0-0 Qxe4 23. Rfe1 Qg6 24. Bd3 Qg5 25. Bc1 Qf6 26. Bb2 Qd8 27. Re3 d5 28. Bxh7+ Kxh7 29. Rh3+ Kg8 30. Bxg7 Qd6 31. Rg3 Qe6 32. Qf3 Re8 33. Bf6+ Kf8 34. Rg8+ Kxg8 35. Qg3+ Qg4 36. Qxg4+ Kf8 37. Qg7# 1-0

[Event "Bergen Grand Prix A"]
[Site "Bergen"]
[Date "2018.11.23"]
[Round "1"]
[White "Ohnstad, Per"]
[Black "Fossan, Andreas"]
[Result "1-0"]
[WhiteElo "1813"]
[BlackElo "2032"]
[PlyCount "83"]
[EventDate "2018.11.23"]
[EventType "swiss"]
[EventRounds "5"]
[EventCountry "NOR"]
[SourceTitle "EXT 2024"]
[Source "ChessBase"]
[SourceDate "2023.10.10"]
[SourceVersion "1"]
[SourceVersionDate "2023.10.10"]
[SourceQuality "1"]

1. c4 Nf6 2. g3 e6 3. Bg2 d5 4. Nc3 Be7 5. Nf3 0-0 6. cxd5 exd5 7. 0-0 c6 8. d3 Bf5 9. Qb3 Nbd7 10. Be3 Rb8 11. Bxa7 Rc8 12. Be3 Ng4 13. Bd2 Nc5 14. Qd1 d4 15. Na4 Na6 16. b3 Ba3 17. Bc1 Bb4 18. a3 Be7 19. b4 b5 20. Nb2 Bf6 21. Bf4 Re8 22. h3 Ne5 23. Nxe5 Bxe5 24. Bxe5 Rxe5 25. Qd2 Qd6 26. Rac1 Qe6 27. g4 Bg6 28. Rc2 f5 29. f4 Re3 30. Nd1 fxg4 31. Nxe3 dxe3 32. Qe1 gxh3 33. Bf3 Bf5 34. Qg3 c5 35. Rfc1 Rf8 36. Kh2 Rf6 37. bxc5 Rg6 38. Qh4 Bg4 39. Qd8+ Kf7 40. Bd5 Bf5 41. Bxe6+ Bxe6 42. Rg1 1-0

[Event "NOR-ch U20"]
[Site "Sarpsborg"]
[Date "2018.07.07"]
[Round "2"]
[White "Risting, Eivind Olav"]
[Black "Fossan, Andreas"]
[Result "1-0"]
[WhiteElo "2317"]
[BlackElo "2024"]
[PlyCount "67"]
[EventDate "2018.07.07"]
[EventType "swiss"]
[EventRounds "9"]
[EventCountry "NOR"]
[SourceTitle "EXT 2024"]
[Source "ChessBase"]
[SourceDate "2023.10.10"]
[SourceVersion "1"]
[SourceVersionDate "2023.10.10"]
[SourceQuality "1"]

1. c4 Nf6 2. Nc3 e6 3. Nf3 d5 4. d4 Be7 5. Bf4 0-0 6. a3 c6 7. e3 Nbd7 8. cxd5 exd5 9. h3 a5 10. Bd3 Re8 11. 0-0 Nf8 12. Bh2 Ng6 13. Ne5 Bd6 14. f4 Bd7 15. Kh1 c5 16. Nxd7 Nxd7 17. f5 Bxh2 18. fxg6 hxg6 19. Kxh2 c4 20. Bc2 Nf6 21. Qf3 Ra6 22. Rae1 Rae6 23. Kh1 g5 24. Qf5 Rxe3 25. Rxe3 Rxe3 26. Qxg5 Qe7 27. Nxd5 Nxd5 28. Qxd5 c3 29. Bg6 Re1 30. Qxf7+ Kh8 31. Qxe7 Rxf1+ 32. Kh2 cxb2 33. Qe8+ Rf8 34. Qxf8# 1-0

[Event "Helsingor Xtracon op"]
[Site "Helsingor"]
[Date "2017.07.27"]
[Round "7"]
[White "Kvaloy, Aksel Bu"]
[Black "Fossan, Andreas"]
[Result "1/2-1/2"]
[WhiteElo "1818"]
[BlackElo "1998"]
[PlyCount "86"]
[EventDate "2017.07.22"]
[EventType "swiss"]
[EventRounds "10"]
[EventCountry "DEN"]
[SourceTitle "CBM 179 Extra"]
[Source "ChessBase"]
[SourceDate "2017.08.23"]
[SourceVersion "1"]
[SourceVersionDate "2017.08.23"]
[SourceQuality "1"]

1. c4 e6 2. d4 Nf6 3. Nc3 Bb4 4. Qc2 Nc6 5. Nf3 d5 6. Bg5 h6 7. Bxf6 Qxf6 8. e3 0-0 9. Bd3 dxc4 10. Bxc4 e5 11. dxe5 Nxe5 12. Nxe5 Qxe5 13. 0-0 Bd6 14. g3 c6 15. Rfd1 Bg4 16. Be2 Bxe2 17. Nxe2 Rad8 18. Nf4 Be7 19. Rd3 Bf6 20. Rad1 Rxd3 21. Nxd3 Qe4 22. Qb3 Rd8 23. Kf1 g5 24. Nc5 Rxd1+ 25. Qxd1 Qc4+ 26. Nd3 Qxa2 27. Qc2 Qa5 28. Ke2 Qb5 29. b4 a5 30. bxa5 Qxa5 31. Qb3 b5 32. Nb4 c5 33. Nd5 Bg7 34. Ne7+ Kf8 35. Nf5 c4 36. Qd1 Qb6 37. Qd7 Qb8 38. Nd6 Kg8 39. Qxf7+ Kh8 40. Ne8 Qe5 41. Nxg7 Qb2+ 42. Kf3 Qxg7 43. Qe8+ Qg8 1/2-1/2

[Event "Helsingor Xtracon op"]
[Site "Helsingor"]
[Date "2017.07.23"]
[Round "2"]
[White "Fossan, Andreas"]
[Black "Malmstig, Erik"]
[Result "1/2-1/2"]
[WhiteElo "1998"]
[BlackElo "2266"]
[PlyCount "208"]
[EventDate "2017.07.22"]
[EventType "swiss"]
[EventRounds "10"]
[EventCountry "DEN"]
[SourceTitle "CBM 179 Extra"]
[Source "ChessBase"]
[SourceDate "2017.08.23"]
[SourceVersion "1"]
[SourceVersionDate "2017.08.23"]
[SourceQuality "1"]

1. d4 Nf6 2. c4 g6 3. Nc3 Bg7 4. e4 d6 5. Bd3 c5 6. d5 a6 7. a4 e5 8. Nge2 0-0 9. 0-0 Nbd7 10. Rb1 Kh8 11. Bg5 h6 12. Bd2 Nh7 13. Be3 Qh4 14. Qd2 Nhf6 15. f3 Ng8 16. a5 Qd8 17. Na4 b5 18. axb6 a5 19. Nec3 Nxb6 20. Ra1 Nd7 21. Nb5 Nb8 22. Nxd6 Qxd6 23. Bxc5 Qc7 24. Bxf8 Bxf8 25. Kh1 Bd7 26. f4 Bb4 27. Qe2 Nf6 28. b3 Bxa4 29. bxa4 Nbd7 30. Qe3 Kg7 31. Rad1 exf4 32. Rxf4 Bd6 33. Rff1 Bxh2 34. c5 Ng4 35. Rxf7+ Kxf7 36. Qf3+ Ndf6 37. Rf1 Bg1 38. d6 Qxc5 39. Qxg4 Bf2 40. Qf3 Bd4 41. e5 Bxe5 42. Qb7+ Ke6 43. Qxa8 Qd4 44. Qc8+ Kxd6 45. Qa6+ Ke7 46. Qb7+ Ke6 47. Qa6+ Ke7 48. Qb7+ Nd7 49. Qf3 Qh4+ 50. Qh3 Qxh3+ 51. gxh3 Nc5 52. Bb5 g5 53. Rd1 Bc3 54. Rd5 Bb4 55. Re5+ Kf6 56. Rxc5 Bxc5 57. Kg2 Kf5 58. Bd7+ Kf4 59. Bb5 h5 60. Be8 h4 61. Bd7 Ke3 62. Bb5 Bd6 63. Bd7 Bg3 64. Bb5 Kd4 65. Bd7 Bd6 66. Bb5 Bc7 67. Bd7 Kc5 68. Bb5 Kd6 69. Kf3 Ke7 70. Kg4 Kf6 71. Be8 Bd8 72. Bb5 Ke5 73. Be8 Ke6 74. Bb5 Kd6 75. Be8 Ke5 76. Bb5 Ke4 77. Be8 Ke3 78. Bb5 Kf2 79. Bc6 Kg1 80. Bb5 Kg2 81. Bc6+ Kh2 82. Bb5 Bc7 83. Be8 Bd6 84. Bb5 Bb4 85. Bc6 Bd2 86. Bb5 Kg2 87. Bc6+ Kf2 88. Bb5 Bf4 89. Be8 Ke3 90. Bb5 Kd4 91. Be8 Kc5 92. Bb5 Kd6 93. Be8 Bd2 94. Bb5 Ke7 95. Bc6 Bf4 96. Bb5 Kd8 97. Bc6 Bc1 98. Bb5 Kc7 99. Be8 Kb7 100. Bb5 Kb6 101. Be8 Bd2 102. Bb5 Kc5 103. Be8 Kb6 104. Bb5 Kc5 1/2-1/2

[Event "NOR-ch U20"]
[Site "Stavanger"]
[Date "2017.07.07"]
[Round "8"]
[White "Fossan, Andreas"]
[Black "Lobersli, Henrik Oie"]
[Result "1-0"]
[WhiteElo "1998"]
[BlackElo "2084"]
[PlyCount "87"]
[EventDate "2017.07.01"]
[EventType "swiss"]
[EventRounds "9"]
[EventCountry "NOR"]
[SourceTitle "EXT 2018"]
[Source "ChessBase"]
[SourceDate "2017.10.13"]
[SourceVersion "1"]
[SourceVersionDate "2017.10.13"]
[SourceQuality "1"]

1. d4 Nf6 2. c4 e6 3. Nc3 Bb4 4. e3 0-0 5. Nge2 Re8 6. a3 Bf8 7. d5 a5 8. g3 Na6 9. Bg2 Nc5 10. b3 exd5 11. cxd5 b6 12. 0-0 Ba6 13. Bd2 Bd6 14. b4 axb4 15. axb4 Nd3 16. b5 Bb7 17. Qc2 Nc5 18. Nf4 Qe7 19. e4 Be5 20. f3 h5 21. Nfe2 h4 22. g4 Qd6 23. h3 Rxa1 24. Rxa1 c6 25. f4 Bxc3 26. Nxc3 Qc7 27. dxc6 dxc6 28. e5 Nfd7 29. Be3 f6 30. Qg6 Rf8 31. bxc6 Bxc6 32. Nd5 Qd8 33. Rd1 Qe8 34. Ne7+ Qxe7 35. Bxc6 Nxe5 36. fxe5 Qxe5 37. Bd5+ Ne6 38. Bxe6+ Qxe6 39. Qd3 Re8 40. Bf2 Kh8 41. Re1 Qf7 42. Rxe8+ Qxe8 43. Bxb6 Qc6 44. Bf2 1-0

[Event "NOR-ch U20"]
[Site "Stavanger"]
[Date "2017.07.04"]
[Round "5"]
[White "Machlik, Monika"]
[Black "Fossan, Andreas"]
[Result "1-0"]
[WhiteElo "2049"]
[BlackElo "1998"]
[PlyCount "57"]
[EventDate "2017.07.01"]
[EventType "swiss"]
[EventRounds "9"]
[EventCountry "NOR"]
[SourceTitle "EXT 2018"]
[Source "ChessBase"]
[SourceDate "2017.10.13"]
[SourceVersion "1"]
[SourceVersionDate "2017.10.13"]
[SourceQuality "1"]

1. d4 Nf6 2. c4 e6 3. Nc3 Bb4 4. Qc2 Nc6 5. e3 e5 6. dxe5 Nxe5 7. Nf3 d6 8. Be2 0-0 9. Bd2 Re8 10. a3 Bxc3 11. Bxc3 a5 12. b3 Bg4 13. Nxe5 dxe5 14. Bxg4 Nxg4 15. 0-0 Qh4 16. h3 Nh6 17. Rad1 Ra6 18. Rd5 Rg6 19. Bxe5 Qe7 20. Bg3 Qxa3 21. Bxc7 a4 22. bxa4 Ra6 23. a5 Rc6 24. Bf4 Rec8 25. Rfd1 Qe7 26. R1d4 f6 27. Bxh6 gxh6 28. Rd7 Rxc4 29. Qxc4+ 1-0

[Event "NOR-ch U20"]
[Site "Stavanger"]
[Date "2017.07.02"]
[Round "2"]
[White "Fossan, Andreas"]
[Black "Sjoberg, Isak"]
[Result "1/2-1/2"]
[WhiteElo "1998"]
[BlackElo "2076"]
[PlyCount "91"]
[EventDate "2017.07.01"]
[EventType "swiss"]
[EventRounds "9"]
[EventCountry "NOR"]
[SourceTitle "EXT 2018"]
[Source "ChessBase"]
[SourceDate "2017.10.13"]
[SourceVersion "1"]
[SourceVersionDate "2017.10.13"]
[SourceQuality "1"]

1. d4 Nf6 2. c4 e6 3. Nc3 c5 4. d5 exd5 5. cxd5 d6 6. e4 g6 7. f4 Bg7 8. Bb5+ Nfd7 9. Nf3 a6 10. Bd3 b5 11. 0-0 0-0 12. Kh1 Re8 13. a3 Nb6 14. f5 N8d7 15. Bg5 Qc7 16. Qd2 b4 17. axb4 cxb4 18. Nd1 a5 19. Rc1 Qb8 20. Bh6 Bf6 21. Ne3 Nc5 22. Ng4 Nbd7 23. Nxf6+ Nxf6 24. Ng5 Ng4 25. Nxh7 Nxd3 26. Qxd3 Kxh7 27. Bg5 gxf5 28. exf5 Kg8 29. Qg3 Re4 30. h3 Ba6 31. Rf4 Rxf4 32. Bxf4 Be2 33. hxg4 Qf8 34. g5 Rc8 35. Rxc8 Qxc8 36. f6 Qf5 37. Qe3 Bb5 38. Kh2 Qxd5 39. Qh3 Bf1 40. Qg3 Qd3 41. Bxd6 Qxg3+ 42. Kxg3 b3 43. Kf3 Kh7 44. g3 Kg6 45. Kf4 Bb5 46. Ba3 1/2-1/2

[Event "NOR-ch U20"]
[Site "Stavanger"]
[Date "2017.07.01"]
[Round "1"]
[White "Kjaras, Alf Marius"]
[Black "Fossan, Andreas"]
[Result "0-1"]
[WhiteElo "1713"]
[BlackElo "1998"]
[PlyCount "88"]
[EventDate "2017.07.01"]
[EventType "swiss"]
[EventRounds "9"]
[EventCountry "NOR"]
[SourceTitle "EXT 2018"]
[Source "ChessBase"]
[SourceDate "2017.10.13"]
[SourceVersion "1"]
[SourceVersionDate "2017.10.13"]
[SourceQuality "1"]

1. d4 Nf6 2. Bf4 e6 3. e3 c5 4. c3 b6 5. Nf3 Bb7 6. Nbd2 Be7 7. Bd3 cxd4 8. exd4 d6 9. 0-0 0-0 10. h3 Nbd7 11. Qe2 Re8 12. Bh2 Bf8 13. Ne4 Nxe4 14. Bxe4 Bxe4 15. Qxe4 Nf6 16. Qd3 Qd7 17. a4 a6 18. Rfe1 Qb7 19. Nd2 b5 20. axb5 axb5 21. Nb3 Qb6 22. Nd2 Rec8 23. Kf1 Ra4 24. b3 Ra7 25. Rxa7 Qxa7 26. c4 bxc4 27. bxc4 Qa6 28. Ke2 Qa8 29. f3 Qa5 30. Rc1 Qg5 31. Kf2 Ra8 32. Qc3 Ra2 33. Rc2 Qh4+ 34. Ke3 Rxc2 35. Qxc2 Qg5+ 36. Kf2 Qh4+ 37. Ke3 Qe1+ 38. Kd3 Qh1 39. Bf4 Qxg2 40. c5 dxc5 41. dxc5 Nd5 42. c6 Nxf4+ 43. Kd4 Nd5 44. Kd3 Qxh3 0-1

[Event "NOR-chT 1617"]
[Site "Norway"]
[Date "2016.10.29"]
[Round "2.3"]
[White "Fossan, Andreas"]
[Black "Lund, Gunnar"]
[Result "1/2-1/2"]
[WhiteElo "2061"]
[BlackElo "1914"]
[PlyCount "99"]
[EventDate "2016.10.28"]
[EventType "team-tourn"]
[EventRounds "9"]
[EventCountry "NOR"]
[SourceTitle "EXT 2018"]
[Source "ChessBase"]
[SourceDate "2017.10.13"]
[SourceVersion "1"]
[SourceVersionDate "2017.10.13"]
[SourceQuality "1"]
[WhiteTeam "Stavanger"]
[BlackTeam "Tromsoe"]
[WhiteTeamCountry "NOR"]
[BlackTeamCountry "NOR"]

1. d4 Nf6 2. c4 e6 3. Nc3 Bb4 4. e3 b6 5. Nge2 c5 6. a3 Ba5 7. Rb1 Qe7 8. Bd2 0-0 9. d5 exd5 10. Nxd5 Nxd5 11. cxd5 Bxd2+ 12. Qxd2 d6 13. Nc3 Bf5 14. Rd1 Nd7 15. Be2 a6 16. a4 Rfb8 17. 0-0 Nf6 18. f3 Bd7 19. Ra1 Ne8 20. Rfb1 Nc7 21. b4 Qe5 22. f4 Qf6 23. Ra2 h6 24. Rab2 Bf5 25. Bd3 c4 26. Bxf5 Qxf5 27. e4 Qf6 28. Re1 b5 29. a5 Re8 30. Rc2 Rad8 31. Qf2 g5 32. fxg5 Qxf2+ 33. Rxf2 hxg5 34. Ref1 Rd7 35. Rf5 Re5 36. Rxe5 dxe5 37. Rf5 Kh7 38. Rxe5 f6 39. Rf5 Kg6 40. Kf2 Ne8 41. Ke3 Nd6 42. Rf2 Nf7 43. Rf3 Ne5 44. Kd4 Nd3 45. Na2 Rh7 46. h3 Rc7 47. Kc3 Re7 48. Kd4 Rc7 49. Kc3 Re7 50. Kd4 1/2-1/2

[Event "EU-ch U18 26th"]
[Site "Prague"]
[Date "2016.08.27"]
[Round "9"]
[White "Fossan, Andreas"]
[Black "Steindl, Johannes"]
[Result "0-1"]
[WhiteElo "2023"]
[BlackElo "2141"]
[PlyCount "82"]
[EventDate "2016.08.18"]
[EventType "swiss"]
[EventRounds "9"]
[EventCountry "CZE"]
[SourceTitle "CBM 174 Extra"]
[Source "ChessBase"]
[SourceDate "2016.10.10"]
[SourceVersion "1"]
[SourceVersionDate "2016.10.10"]
[SourceQuality "1"]

1. d4 Nf6 2. Bg5 d5 3. Bxf6 gxf6 4. c4 c5 5. e3 cxd4 6. Qxd4 dxc4 7. Qxd8+ Kxd8 8. Bxc4 e6 9. Nc3 a6 10. 0-0-0+ Kc7 11. Nf3 Rg8 12. Rhg1 Nc6 13. Be2 Bd7 14. Nd4 Nxd4 15. Rxd4 Bc6 16. g3 f5 17. Rgd1 Be7 18. R4d2 Rac8 19. Kb1 Kb8 20. Bh5 Rgf8 21. Ne2 Rc7 22. a3 Bf6 23. f3 Rfc8 24. Nd4 Ba4 25. Re1 e5 26. Ne2 Bb3 27. Nc1 Be6 28. Ne2 Rg8 29. f4 e4 30. Nd4 Bc4 31. Be2 Rd8 32. Red1 Bxd4 33. exd4 Bb3 34. Rc1 Ba2+ 35. Kxa2 Rxc1 36. Bh5 Rd7 37. d5 Kc7 38. g4 Rf1 39. gxf5 Rxf4 40. d6+ Rxd6 41. Rc2+ Rc6 0-1

[Event "EU-ch U18 26th"]
[Site "Prague"]
[Date "2016.08.20"]
[Round "3"]
[White "Fossan, Andreas"]
[Black "Kostka, Vit"]
[Result "1-0"]
[WhiteElo "2023"]
[BlackElo "2188"]
[PlyCount "107"]
[EventDate "2016.08.18"]
[EventType "swiss"]
[EventRounds "9"]
[EventCountry "CZE"]
[SourceTitle "CBM 174 Extra"]
[Source "ChessBase"]
[SourceDate "2016.10.10"]
[SourceVersion "1"]
[SourceVersionDate "2016.10.10"]
[SourceQuality "1"]

1. d4 Nf6 2. c4 g6 3. Nc3 Bg7 4. e4 d6 5. Bd3 0-0 6. Nge2 Nc6 7. 0-0 e5 8. d5 Ne7 9. Rb1 Ne8 10. Bg5 h6 11. Be3 f5 12. exf5 gxf5 13. f4 e4 14. Bc2 Nf6 15. Qd2 Ng6 16. Nd1 Qe8 17. Bd4 Kh7 18. Ne3 Nh4 19. Qe1 Ng6 20. Qc3 Qe7 21. Ng3 Ne8 22. Rbe1 Bxd4 23. Qxd4 Qg7 24. Nexf5 Bxf5 25. Nxf5 Rxf5 26. Qxe4 Rf6 27. Ba4 Rf8 28. Bc2 Nf6 29. Qxg6+ Qxg6 30. Re7+ Kg8 31. Bxg6 c6 32. Rxb7 cxd5 33. cxd5 Nxd5 34. g3 Nf6 35. Rd1 d5 36. Rd4 Rfc8 37. Bf5 Rc1+ 38. Kg2 Re8 39. Rd2 Rce1 40. Rxa7 R8e2+ 41. Rxe2 Rxe2+ 42. Kg1 Rxb2 43. a4 Ra2 44. a5 Kf8 45. a6 d4 46. h3 Nd5 47. Ra8+ Kg7 48. Be4 Nc3 49. Bf3 Nb5 50. Rb8 Nd6 51. Rb6 Nc4 52. Rb7+ Kf6 53. a7 Nd2 54. Rb6+ 1-0

[Event "Helsingor Xtracon op"]
[Site "Helsingor"]
[Date "2016.07.30"]
[Round "9"]
[White "Fossan, Andreas"]
[Black "Ramsdal, Jens Albert"]
[Result "1/2-1/2"]
[WhiteElo "2071"]
[BlackElo "2204"]
[PlyCount "61"]
[EventDate "2016.07.23"]
[EventType "swiss"]
[EventRounds "10"]
[EventCountry "DEN"]
[SourceTitle "CBM 173 Extra"]
[Source "ChessBase"]
[SourceDate "2016.08.29"]
[SourceVersion "1"]
[SourceVersionDate "2016.08.29"]
[SourceQuality "1"]

1. d4 Nf6 2. c4 g6 3. Nc3 Bg7 4. e4 d6 5. Bd3 0-0 6. Nge2 c5 7. d5 e5 8. f3 Na6 9. Be3 Bd7 10. Qd2 Rb8 11. 0-0 Nc7 12. a3 b5 13. cxb5 Nxb5 14. Nxb5 Bxb5 15. Bxb5 Rxb5 16. b4 Nd7 17. Nc3 Rb7 18. bxc5 Nxc5 19. Bxc5 dxc5 20. Rab1 Rxb1 21. Rxb1 Qa5 22. Qb2 Bh6 23. Kf2 c4 24. Qb4 Qd8 25. g3 Qd7 26. d6 Bd2 27. Nd5 Bxb4 28. Nf6+ Kg7 29. Nxd7 Rd8 30. Rxb4 Rxd7 31. Rxc4 1/2-1/2

[Event "Helsingor Xtracon op"]
[Site "Helsingor"]
[Date "2016.07.27"]
[Round "6"]
[White "Stuhlmann, Alexander"]
[Black "Fossan, Andreas"]
[Result "0-1"]
[WhiteElo "1873"]
[BlackElo "2071"]
[PlyCount "96"]
[EventDate "2016.07.23"]
[EventType "swiss"]
[EventRounds "10"]
[EventCountry "DEN"]
[SourceTitle "CBM 173 Extra"]
[Source "ChessBase"]
[SourceDate "2016.08.29"]
[SourceVersion "1"]
[SourceVersionDate "2016.08.29"]
[SourceQuality "1"]

1. c4 c5 2. Nc3 Nc6 3. g3 g6 4. Bg2 Bg7 5. e3 d6 6. Nge2 e5 7. d3 Nge7 8. 0-0 0-0 9. a3 Rb8 10. Rb1 Be6 11. h3 Qd7 12. Kh2 d5 13. b3 f5 14. e4 dxe4 15. dxe4 Nd4 16. f4 Rfd8 17. fxe5 Bxe5 18. Bf4 Nec6 19. Nd5 Qg7 20. Bxe5 Nxe5 21. Nef4 Bxd5 22. exd5 Re8 23. Ne6 Qh6 24. Rf4 Nxe6 25. dxe6 Ng4+ 26. Rxg4 fxg4 27. Qxg4 Re7 28. Rf1 Rd8 29. Bd5 Rxd5 30. cxd5 Qd2+ 31. Kg1 Qxd5 32. Qf4 Qd4+ 33. Qxd4 cxd4 34. Rd1 Rxe6 35. Rxd4 Rb6 36. Rb4 Rxb4 37. axb4 Kf7 38. Kf2 Ke6 39. Ke3 Ke5 40. Kd3 Kd5 41. Ke3 Ke5 42. Kd3 g5 43. Ke3 h5 44. Kd3 a6 45. Ke3 b6 46. h4 gxh4 47. gxh4 Kf5 48. Kf3 b5 0-1

[Event "Helsingor Xtracon op"]
[Site "Helsingor"]
[Date "2016.07.25"]
[Round "4"]
[White "Sowray, Peter John"]
[Black "Fossan, Andreas"]
[Result "1-0"]
[WhiteElo "2348"]
[BlackElo "2071"]
[PlyCount "67"]
[EventDate "2016.07.23"]
[EventType "swiss"]
[EventRounds "10"]
[EventCountry "DEN"]
[SourceTitle "CBM 173 Extra"]
[Source "ChessBase"]
[SourceDate "2016.08.29"]
[SourceVersion "1"]
[SourceVersionDate "2016.08.29"]
[SourceQuality "1"]

1. e4 c6 2. d4 d5 3. e5 c5 4. dxc5 Nc6 5. a3 a5 6. Nf3 e6 7. Be3 Nge7 8. c4 dxc4 9. Qxd8+ Kxd8 10. Nc3 Ng6 11. 0-0-0+ Bd7 12. Na4 Rc8 13. Nb6 Rc7 14. Bxc4 Ke7 15. Rhe1 f6 16. Na8 Rc8 17. Rxd7+ Kxd7 18. Nb6+ Kc7 19. Nxc8 Kxc8 20. Bxe6+ Kc7 21. exf6 gxf6 22. Rd1 Nce5 23. Nxe5 Nxe5 24. Kc2 h5 25. b4 axb4 26. axb4 Bh6 27. Bxh6 Rxh6 28. Kc3 Rh7 29. b5 Re7 30. Rd6 Re8 31. Bf5 Ng4 32. b6+ Kb8 33. Bxg4 hxg4 34. Rxf6 1-0

[Event "Helsingor Xtracon op"]
[Site "Helsingor"]
[Date "2016.07.24"]
[Round "2"]
[White "Christiansen, Johan Sebastian"]
[Black "Fossan, Andreas"]
[Result "1-0"]
[WhiteElo "2411"]
[BlackElo "2071"]
[PlyCount "103"]
[EventDate "2016.07.23"]
[EventType "swiss"]
[EventRounds "10"]
[EventCountry "DEN"]
[SourceTitle "CBM 173 Extra"]
[Source "ChessBase"]
[SourceDate "2016.08.29"]
[SourceVersion "1"]
[SourceVersionDate "2016.08.29"]
[SourceQuality "1"]

1. c4 c5 2. Nf3 Nc6 3. Nc3 g6 4. e3 Nf6 5. d4 cxd4 6. exd4 d5 7. cxd5 Nxd5 8. Qb3 Nxc3 9. Bc4 Nd5 10. Bxd5 e6 11. Bxc6+ bxc6 12. 0-0 Qd5 13. Be3 Bd6 14. Nd2 Rb8 15. Qc2 0-0 16. Rfc1 Bb7 17. Ne4 Be7 18. f3 f6 19. Qa4 Qb5 20. Qxb5 cxb5 21. Rc7 Bd8 22. Rd7 Rf7 23. Rxf7 Kxf7 24. Bf4 e5 25. dxe5 fxe5 26. Bxe5 Ra8 27. Nd6+ Ke6 28. Bg3 Bc6 29. Rc1 Bd7 30. Re1+ Kf6 31. Kf1 Bb6 32. Bh4+ g5 33. Ne4+ Kg6 34. Bxg5 b4 35. Be3 Bb5+ 36. Kf2 Rc8 37. Rd1 Rc2+ 38. Rd2 Bxe3+ 39. Kxe3 Rc6 40. Rd6+ Rxd6 41. Nxd6 Bf1 42. g4 Kf6 43. Ne4+ Ke7 44. f4 Bh3 45. Kf3 Bf1 46. f5 Bc4 47. a3 bxa3 48. bxa3 Kd7 49. Nf6+ Kc6 50. Nxh7 Kb5 51. g5 Ka4 52. g6 1-0

[Event "NOR-ch U20"]
[Site "Tromsoe"]
[Date "2016.07.12"]
[Round "5"]
[White "Fossan, Andreas"]
[Black "Machlik, Monika"]
[Result "1/2-1/2"]
[WhiteElo "1955"]
[BlackElo "2018"]
[PlyCount "88"]
[EventDate "2016.07.09"]
[EventType "swiss"]
[EventRounds "9"]
[EventCountry "NOR"]
[SourceTitle "EXT 2024"]
[Source "ChessBase"]
[SourceDate "2023.10.10"]
[SourceVersion "1"]
[SourceVersionDate "2023.10.10"]
[SourceQuality "1"]

1. d4 Nf6 2. c4 e6 3. Nc3 Bb4 4. e3 c5 5. Nge2 b6 6. a3 Ba5 7. Rb1 Qe7 8. Ng3 cxd4 9. Qxd4 Nc6 10. Qd2 Bxc3 11. Qxc3 Bb7 12. Be2 0-0 13. 0-0 d5 14. b4 dxc4 15. Bxc4 Rac8 16. Qb3 Ne5 17. Be2 Bd5 18. Qb2 Nc4 19. Bxc4 Rxc4 20. Bd2 Rfc8 21. Rbc1 Ne4 22. Nxe4 Bxe4 23. Rxc4 Rxc4 24. Qe5 Qd7 25. Bc1 f6 26. Qb8+ Rc8 27. Qf4 Bb7 28. h3 Qd5 29. f3 e5 30. Qf5 Rd8 31. Kh2 Ba6 32. Re1 Bc8 33. Qc2 Be6 34. e4 Qc4 35. Qxc4 Bxc4 36. Re3 b5 37. Kg3 Kf7 38. Kg4 Ke6 39. Rc3 g6 40. Be3 a6 41. Kh4 Rd1 42. a4 Rd3 43. Rxd3 Bxd3 44. a5 Bc2 1/2-1/2